000 00823nas a22002057a 4500
003 OSt
005 20160920093847.0
008 160601b xxu||||| |||| 00| 0 eng d
022 _a1130-0426
040 _cBMC
082 _a320.3064
245 0 0 _aNueva revista de política, cultura y arte
_p: mayo-junio
_cAntonio Fontán (Presidente y editor)
260 _aMadrid
_bDifusiones y Promociones Editoriales, S.A. (Diproedisa)
_c2005
300 _a172 p.
_c21 cm
490 _aNueva revista de política, cultura y arte
_v99
505 _aContiene: En complicidad con los medios de comunicación el papa Wojtyla, actor despues de muerto.- El que busca cooperar con la verdad de Joseph Ratzinger a Benedicto VXI.-
650 2 4 _912628
_aPolítica cultural
700 1 _93186
_aFontán, Antonio
_d1923-2010
942 _2ddc
_cPR
999 _c25826
_d25826